<?xml version="1.0" encoding="UTF-8"?><?xml-stylesheet type="text/xsl" href="static/style.xsl"?><OAI-PMH xmlns="http://www.openarchives.org/OAI/2.0/" xmlns:xsi="http://www.w3.org/2001/XMLSchema-instance" xsi:schemaLocation="http://www.openarchives.org/OAI/2.0/ http://www.openarchives.org/OAI/2.0/OAI-PMH.xsd"><responseDate>2026-04-17T10:13:26Z</responseDate><request verb="GetRecord" identifier="oai:www.recercat.cat:2117/411771" metadataPrefix="marc">https://recercat.cat/oai/request</request><GetRecord><record><header><identifier>oai:recercat.cat:2117/411771</identifier><datestamp>2026-01-16T09:54:39Z</datestamp><setSpec>com_2072_1033</setSpec><setSpec>col_2072_452950</setSpec></header><metadata><record xmlns="http://www.loc.gov/MARC21/slim" xmlns:dcterms="http://purl.org/dc/terms/" xmlns:xsi="http://www.w3.org/2001/XMLSchema-instance" xmlns:doc="http://www.lyncode.com/xoai" xsi:schemaLocation="http://www.loc.gov/MARC21/slim http://www.loc.gov/standards/marcxml/schema/MARC21slim.xsd">
   <leader>00925njm 22002777a 4500</leader>
   <datafield ind2=" " ind1=" " tag="042">
      <subfield code="a">dc</subfield>
   </datafield>
   <datafield ind2=" " ind1=" " tag="720">
      <subfield code="a">Ferrero, Carmen</subfield>
      <subfield code="e">author</subfield>
   </datafield>
   <datafield ind2=" " ind1=" " tag="720">
      <subfield code="a">Urpí Garriga, Lourdes</subfield>
      <subfield code="e">author</subfield>
   </datafield>
   <datafield ind2=" " ind1=" " tag="720">
      <subfield code="a">Aguilar de Leiva, Angela</subfield>
      <subfield code="e">author</subfield>
   </datafield>
   <datafield ind2=" " ind1=" " tag="720">
      <subfield code="a">Linares, V</subfield>
      <subfield code="e">author</subfield>
   </datafield>
   <datafield ind2=" " ind1=" " tag="720">
      <subfield code="a">Mora Castaño, Gloria</subfield>
      <subfield code="e">author</subfield>
   </datafield>
   <datafield ind2=" " ind1=" " tag="720">
      <subfield code="a">Millán Jiménez, Mónica</subfield>
      <subfield code="e">author</subfield>
   </datafield>
   <datafield ind2=" " ind1=" " tag="720">
      <subfield code="a">Martínez de Ilarduya Sáez de Asteasu, Domingo Antxon</subfield>
      <subfield code="e">author</subfield>
   </datafield>
   <datafield ind2=" " ind1=" " tag="720">
      <subfield code="a">Caraballo Rodríguez, Isidoro</subfield>
      <subfield code="e">author</subfield>
   </datafield>
   <datafield ind2=" " ind1=" " tag="260">
      <subfield code="c">2024-05</subfield>
   </datafield>
   <datafield ind2=" " ind1=" " tag="520">
      <subfield code="a">The purpose of this study was to investigate the ability of two advanced hot-processing technologies, Ultrasound-Assisted Compression (USAC) and 3D-printing Semi-solid Extrusion (SSE), to manufacture sustained-release drug delivery systems based on a novel biodegradable aliphatic copolyester. The copolymer was synthesized from ¿-pentadecalactone (PDL), 1,4-cyclohexanedimethanol (CHDM) and dimethyl succinate (DMS) (monomer ratio PDL/CHDM/DMS 70/30/30) by enzymatic ring opening polymerization and two-step melt polycondensation processes and has a random microstructure, a high molecular weight (107,100 g mol-1) and a relatively low melting point (~65 °C). The antibacterial agent metronidazole (MTZ) was chosen as model drug and binary physical mixtures copolymer:drug were prepared at 90:10 and 70:30 w/w ratios. Thermal analysis studies evidenced that the formulations could be processed below their degradation temperatures. Drug delivery devices with dense and meshed structures were manufactured using USAC and SSE techniques, respectively, with USAC devices exhibiting more reproducible physical properties than the SSE systems. Powder X-ray diffraction and scanning electron microscopy studies showed a partial sintering of the copolyester during USAC processing while MTZ remained mostly crystalline. In contrast, the copolymer melted and the drug underwent some amorphization when processed using SSE. In vitro drug release studies in phosphate buffer (pH 6.8) showed that, after an initial burst release of metronidazole, USAC and SSE devices exhibited a prolonged and/or sustained drug release over 20 days. The initial burst release was dependent on the manufacturing technique and the drug/polymer ratio, being minimized for SSE devices containing 10 wt% MTZ. The whole drug release profiles fitted well to the Peppas-Sahlin model, being drug diffusion the predominant release mechanism. After the burst release, the sustained release period of USAC and SSE devices containing 10 wt% MTZ showed a good fit to the zero-order kinetic model, with faster drug release from the SSE devices due to the larger surface area of their meshed structure. In conclusion, this work demonstrates that processing the aliphatic copolyester by both USAC and SSE technologies provides an attractive strategy to manufacture biodegradable drug delivery systems for long-term release of metronidazole.</subfield>
   </datafield>
   <datafield ind2=" " ind1=" " tag="520">
      <subfield code="a">This work was part of the project RTI2018-095041-BC31 and was supported by MCIN/AEI/10.13039/501100011033 and by ERDF A way of making Europe.</subfield>
   </datafield>
   <datafield ind2=" " ind1=" " tag="520">
      <subfield code="a">Peer Reviewed</subfield>
   </datafield>
   <datafield ind2=" " ind1=" " tag="520">
      <subfield code="a">Postprint (published version)</subfield>
   </datafield>
   <datafield tag="653" ind2=" " ind1=" ">
      <subfield code="a">Àrees temàtiques de la UPC::Enginyeria química</subfield>
   </datafield>
   <datafield tag="653" ind2=" " ind1=" ">
      <subfield code="a">Polymers -- Biodegradation</subfield>
   </datafield>
   <datafield tag="653" ind2=" " ind1=" ">
      <subfield code="a">Polymers in medicine</subfield>
   </datafield>
   <datafield tag="653" ind2=" " ind1=" ">
      <subfield code="a">Aliphatic copolyester</subfield>
   </datafield>
   <datafield tag="653" ind2=" " ind1=" ">
      <subfield code="a">Ultrasound-assisted compression</subfield>
   </datafield>
   <datafield tag="653" ind2=" " ind1=" ">
      <subfield code="a">3D-printing semi-solid extrusion</subfield>
   </datafield>
   <datafield tag="653" ind2=" " ind1=" ">
      <subfield code="a">Metronidazole</subfield>
   </datafield>
   <datafield tag="653" ind2=" " ind1=" ">
      <subfield code="a">Drug delivery systems</subfield>
   </datafield>
   <datafield tag="653" ind2=" " ind1=" ">
      <subfield code="a">Sustained-release</subfield>
   </datafield>
   <datafield tag="653" ind2=" " ind1=" ">
      <subfield code="a">Polímers -- Biodegradació</subfield>
   </datafield>
   <datafield tag="653" ind2=" " ind1=" ">
      <subfield code="a">Polímers en medicina</subfield>
   </datafield>
   <datafield ind2="0" ind1="0" tag="245">
      <subfield code="a">Application of ultrasound-assisted compression and 3D-printing semi-solid extrusion techniques to the development of sustained-release drug delivery systems based on a novel biodegradable aliphatic copolyester</subfield>
   </datafield>
</record></metadata></record></GetRecord></OAI-PMH>